00966nam a2200157Ia 4500008004100000020001800041082001300059245018500072260004600257300001000303500004100313650014800354700019900502952009000701999001700791120629s9999 xx 000 0 und d a968-7529-02-4 a500C569c aCiencia ambiental y desarrollo sostenible / Ernesto C. Enkerlin Hoeflich, Gerónimo Cano Cano, Raúl Antonio Garza Cuevas, Enrique Vogel Martínez, Adriana Nelly Correa Sandoval aMéxico : International Thomson Editores a666 p aBibliografía, epílogo y glosario a1. CIENCIA AMBIENTAL 2. CIANCIAS NATURALES 3.DESARROLLO SUSTENTABLE- ASPECTOS AMBIENTALES 3.MEDIO AMBIENTE PROTECCION AL. 4. POLITICA AMBIENTAL aEnkerlin Hoeflich, Ernesto C. ; coaut. \ Cano Cano, Gerónimo ; coaut. \ Garza Cuevas, Raúl Antonio ; coaut. \ Vogel Martínez, Enrique ; coaut. \ Correa Sandoval Adriana Nelly ; trad.Ì 00104070a15b15d2007-05-03l0o500C569Cp15 001957r2017-12-07t1w2012-06-28yLB c75802d75802